[Event "XLI Rilton Cup 2011-12"]
[Site "Stockholm SWE"]
[Date "2011.12.27"]
[Round "1"]
[Board "1"]
[White "Bergstrom, Rolf"]
[Black "Socko, Bartosz"]
[Result "1/2-1/2"]
[WhiteTitle "FM"]
[BlackTitle "GM"]
[WhiteElo "2301"]
[BlackElo "2635"]
[WhiteFideId "1702386"]
[BlackFideId "1107038"]
[EventDate "2011.12.27"]

1. e4 e6 2. d4 d5 3. e5 c5 4. c3 Nc6 5. Nf3 Qb6 6. Be2 cxd4 7. cxd4 Nh6 8. Nc3
Nf5 9. Na4 Qa5+ 10. Bd2 Bb4 11. Bc3 b5 12. a3 Bxc3+ 13. Nxc3 b4 14. axb4 Qxb4
15. Bb5 Bd7 16. Bxc6 Bxc6 17. Qd2 O-O 18. O-O Rfb8 19. Rab1 Rb6 20. g4 Ne7 21.
h4 Kh8 22. h5 h6 23. Kh2 Ng8 24. Rg1 f6 25. Qe3 Be8 26. Rg3 Rc8 27. Ne2 Qa4 28.
Rc1 Rxc1 29. Qxc1 Qc4 30. Qd2 Qa2 31. b3 Qxb3 32. Nf4 Qb2 33. Qe3 Rb3 34. Nh4
Rxe3 35. Nfg6+ Bxg6 36. Nxg6+ Kh7 37. Nf8+ Kh8 38. Ng6+ Kh7 1/2-1/2

[Event "XLI Rilton Cup 2011-12"]
[Site "Stockholm SWE"]
[Date "2011.12.27"]
[Round "1"]
[Board "3"]
[White "Henriksson, Johan"]
[Black "Volkov, Sergey"]
[Result "0-1"]
[BlackTitle "GM"]
[WhiteElo "2295"]
[BlackElo "2626"]
[WhiteFideId "1703560"]
[BlackFideId "4122763"]
[EventDate "2011.12.27"]

1. d4 d5 2. Nf3 Nf6 3. g3 Bf5 4. Bg2 e6 5. O-O c6 6. b3 a5 7. Bb2 a4 8. c4 a3 9.
Bc1 Bb4 10. Ne5 Ne4 11. Nd3 Be7 12. c5 b6 13. f3 Nxc5 14. Ne1 Bxb1 15. Rxb1 Nca6
16. Nc2 Nb4 17. Bxa3 Nxc2 18. Bxe7 Qxe7 19. Qxc2 Qa3 20. Ra1 O-O 21. Rfc1 c5 22.
dxc5 Rc8 23. e4 Rxc5 24. Qd2 d4 25. Rd1 Nc6 26. f4 Rd8 27. e5 Nb4 28. Rdc1 d3
29. Be4 Rd4 30. Qe3 Nc2 31. Rxc2 dxc2 32. Qxd4 c1=Q+ 33. Rxc1 Rxc1+ 34. Kg2
Qxa2+ 35. Kh3 Rc8 36. Qxb6 Qe2 37. Qb7 Rd8 38. Bf3 Qf1+ 39. Bg2 Qd1 40. Bf3 Qf1+
41. Bg2 Qe2 42. Bf3 Qf2 43. b4 g6 44. Bg2 Rd2 45. Qe4 Rb2 46. b5 Kg7 47. Qa8 Qe2
48. Qf3 Qxb5 49. Kg4 h5+ 50. Kh3 Qc5 51. Qe4 Qg1 52. Qf3 Rf2 53. Qe4 Qd1 0-1

[Event "XLI Rilton Cup 2011-12"]
[Site "Stockholm SWE"]
[Date "2011.12.27"]
[Round "1"]
[Board "4"]
[White "Gajewski, Grzegorz"]
[Black "Codenotti, Marco"]
[Result "1-0"]
[WhiteTitle "GM"]
[BlackTitle "FM"]
[WhiteElo "2616"]
[BlackElo "2293"]
[WhiteFideId "1116207"]
[BlackFideId "800015"]
[EventDate "2011.12.27"]

1. d4 Nf6 2. c4 g6 3. g3 Bg7 4. Bg2 d5 5. cxd5 Nxd5 6. Nf3 Nb6 7. e4 Bg4 8. d5
c6 9. h3 Bc8 10. Nc3 O-O 11. O-O cxd5 12. exd5 N8d7 13. Re1 Nf6 14. Ne5 Nfd7 15.
Nxd7 Bxd7 16. Bg5 f6 17. Be3 Nc4 18. Bc5 Nd6 19. Qb3 b6 20. Bxd6 exd6 21. Qb4
Qc7 22. Ne4 f5 23. Rac1 Qb8 24. Ng5 a5 25. Qh4 h6 26. Ne6 Rf7 27. Nxg7 Kxg7 28.
Re7 h5 29. Rce1 Qd8 30. Qd4+ Kg8 31. R7e6 Kh7 32. Rxd6 b5 33. Rb6 Rc8 34. Rb7 f4
35. h4 Rc4 36. Qa7 fxg3 37. fxg3 Rc2 38. Rf1 Re7 39. Bh3 1-0

[Event "XLI Rilton Cup 2011-12"]
[Site "Stockholm SWE"]
[Date "2011.12.27"]
[Round "1"]
[Board "5"]
[White "Mack, Wolfgang"]
[Black "L'Ami, Erwin"]
[Result "1/2-1/2"]
[BlackTitle "GM"]
[WhiteElo "2293"]
[BlackElo "2594"]
[WhiteFideId "4685458"]
[BlackFideId "1007998"]
[EventDate "2011.12.27"]

1. c4 Nf6 2. g3 c6 3. Bg2 d5 4. Nf3 Bg4 5. Ne5 Be6 6. d4 Nbd7 7. cxd5 Bxd5 8.
Nf3 e5 9. Nc3 e4 10. Ng5 Bb4 11. O-O Bxc3 12. bxc3 h6 13. c4 Bxc4 14. Nxe4 Nxe4
15. Bxe4 O-O 16. Re1 f5 17. Bg2 Nf6 18. Bf4 Qd7 19. Qc2 Bd5 20. f3 Rae8 21. Be5
Be6 22. Rab1 Rf7 23. Qc5 Bxa2 24. Ra1 b6 25. Qc3 Be6 26. Rac1 Rc8 27. Bxf6 Rxf6
28. e4 fxe4 29. fxe4 Rff8 30. Qd2 Bh3 31. Bxh3 Qxh3 32. d5 cxd5 33. exd5 Rcd8
34. d6 Rf7 35. Re7 Qf5 36. Rxf7 Qxf7 37. Rc7 Qe6 38. Qd4 Rd7 39. Rxd7 Qxd7 40.
Qd5+ Kf8 41. h3 b5 42. g4 b4 43. Qf3+ Ke8 44. Qe4+ Kf7 45. Qxb4 Ke6 46. Qd4 g5
47. Qh8 Qb5 48. Qxh6+ Kd7 49. Qg7+ Kxd6 50. Qxa7 Qb1+ 51. Kf2 Qc2+ 52. Kf3 Qd1+
53. Ke4 Qb1+ 54. Kf3 1/2-1/2

[Event "XLI Rilton Cup 2011-12"]
[Site "Stockholm SWE"]
[Date "2011.12.27"]
[Round "1"]
[Board "6"]
[White "Rozentalis, Eduardas"]
[Black "Glantz, Robert"]
[Result "1/2-1/2"]
[WhiteTitle "GM"]
[WhiteElo "2586"]
[BlackElo "2289"]
[WhiteFideId "12800023"]
[BlackFideId "24629596"]
[EventDate "2011.12.27"]

1. e4 c5 2. Nf3 d6 3. d4 cxd4 4. Qxd4 a6 5. Be3 Nc6 6. Qb6 Qxb6 7. Bxb6 Nf6 8.
Nc3 Be6 9. O-O-O Nd7 10. Be3 Rc8 11. Ng5 g6 12. Nd5 Bg7 13. Kb1 Nce5 14. f3 h6
15. Nxe6 fxe6 16. Nf4 Kf7 17. h4 Rc6 18. Bd4 Bf6 19. c3 Nc4 20. Bxf6 Nxf6 21. g3
Ne3 22. Re1 Nxf1 23. Rhxf1 g5 24. Nd3 gxh4 25. g4 e5 26. Rh1 Nh7 27. Ref1 Kg7
28. f4 exf4 29. Nxf4 Nf6 30. Rxh4 Rc4 31. Ne6+ Kg6 32. g5 Nxe4 33. Kc1 Ng3 34.
Rxc4 Nxf1 35. gxh6 Rxh6 36. Rc7 Kf6 37. Nd4 e5 38. Nb3 Rh1 39. Rxb7 Ne3+ 40. Kd2
Nc4+ 41. Kc2 Rh2+ 42. Kc1 Rh1+ 43. Kc2 Rh2+ 44. Kc1 Rh1+ 1/2-1/2

[Event "XLI Rilton Cup 2011-12"]
[Site "Stockholm SWE"]
[Date "2011.12.27"]
[Round "1"]
[Board "7"]
[White "Von Bahr, Oskar"]
[Black "Tikkanen, Hans"]
[Result "0-1"]
[BlackTitle "GM"]
[WhiteElo "2284"]
[BlackElo "2586"]
[WhiteFideId "1703250"]
[BlackFideId "1706446"]
[EventDate "2011.12.27"]

1. c4 Nf6 2. g3 g6 3. Bg2 d5 4. cxd5 Nxd5 5. Nc3 Nb6 6. d3 Bg7 7. Be3 Nc6 8.
Bxc6+ bxc6 9. Qd2 h6 10. Rc1 a5 11. f3 a4 12. h4 Nd5 13. Nxd5 Qxd5 14. a3 Rb8
15. d4 Qa2 16. Qc3 Bd7 17. Rc2 Rb3 18. Qa5 O-O 19. Kf2 Rfb8 20. Qxc7 R3b7 21.
Qa5 Bf5 22. Rd2 Rxb2 23. Rxb2 Rxb2 24. Qxa4 Bd3 25. Qd1 Qc4 26. g4 Bxd4 27. Bxd4
Qxd4+ 28. Kg3 Qe5+ 29. Kh3 Bxe2 30. Qe1 f5 31. Nxe2 Rxe2 32. Qg3 f4 33. Qg1 Qc3
34. Qf1 Qc2 35. Qa1 Rf2 0-1

[Event "XLI Rilton Cup 2011-12"]
[Site "Stockholm SWE"]
[Date "2011.12.27"]
[Round "1"]
[Board "8"]
[White "Cicak, Slavko"]
[Black "Byklum, Bjornar"]
[Result "1-0"]
[WhiteTitle "GM"]
[BlackTitle "FM"]
[WhiteElo "2566"]
[BlackElo "2252"]
[WhiteFideId "1700588"]
[BlackFideId "1502123"]
[EventDate "2011.12.27"]

1. e4 c5 2. Nf3 e6 3. b3 b6 4. Bd3 Bb7 5. O-O d6 6. Re1 Be7 7. c3 Bf6 8. Bc2 e5
9. d4 Nc6 10. dxc5 dxc5 11. Qe2 Nge7 12. Nbd2 O-O 13. Nf1 g6 14. h4 a5 15. Bd3
a4 16. Rb1 axb3 17. axb3 Qc8 18. Ne3 Bg7 19. b4 cxb4 20. cxb4 Nd4 21. Nxd4 exd4
22. Nc4 Qe6 23. Bf4 Rfd8 24. b5 Nc8 25. h5 Re8 26. h6 Bf8 27. Qb2 Bc5 28. Be5
Rd8 29. Bg7 Nd6 30. Ne5 f6 31. Nc6 Bxc6 32. bxc6 Ra3 33. e5 fxe5 34. Rxe5 Qf7
35. Qe2 Ra2 36. Qe1 Ra7 37. Rc1 Rc7 38. Re6 Rxc6 39. Re7 Qd5 40. Bf6 Kf8 41. Re5 1-0

[Event "XLI Rilton Cup 2011-12"]
[Site "Stockholm SWE"]
[Date "2011.12.27"]
[Round "1"]
[Board "9"]
[White "Luukkonen, Tommi"]
[Black "Berczes, David"]
[Result "0-1"]
[WhiteTitle "FM"]
[BlackTitle "GM"]
[WhiteElo "2252"]
[BlackElo "2555"]
[WhiteFideId "501808"]
[BlackFideId "722960"]
[EventDate "2011.12.27"]

1. e4 e5 2. Nf3 Nc6 3. Bb5 a6 4. Ba4 Nge7 5. c3 g6 6. d4 exd4 7. h4 h6 8. cxd4
b5 9. Bb3 Bg7 10. a4 b4 11. a5 d5 12. exd5 Nxd5 13. Qe2+ Nce7 14. Ne5 O-O 15.
Qf3 Be6 16. h5 g5 17. Nd2 Nf5 18. Nc6 Qe8 19. Ba4 Bd7+ 20. Kf1 Bxc6 21. Bxc6
Qxc6 22. Qxf5 Bxd4 23. Nf3 Bf6 24. Bd2 Bxb2 25. Re1 Rfe8 26. Rxe8+ Rxe8 27. Rh3
Qe6 28. Qd3 Bf6 29. Rg3 Kh8 30. Qc4 Ne3+ 0-1

[Event "XLI Rilton Cup 2011-12"]
[Site "Stockholm SWE"]
[Date "2011.12.27"]
[Round "1"]
[Board "10"]
[White "Shimanov, Aleksandr"]
[Black "Glimbrant, Torbjorn"]
[Result "1-0"]
[WhiteTitle "GM"]
[WhiteElo "2549"]
[BlackElo "2250"]
[WhiteFideId "4198603"]
[BlackFideId "1700995"]
[EventDate "2011.12.27"]

1. e4 e5 2. Bc4 Nf6 3. d3 Nc6 4. Nf3 Bc5 5. c3 d6 6. h3 O-O 7. Nbd2 Qe7 8. O-O
Be6 9. Re1 Rad8 10. Bb3 a6 11. Nf1 h6 12. Ng3 d5 13. Qe2 dxe4 14. dxe4 Bxb3 15.
axb3 Qd7 16. b4 Bb6 17. Nd2 Qd3 18. Kf1 Rfe8 19. Nc4 Kh7 20. f3 Ba7 21. Be3 Bxe3
22. Nxe3 g6 23. h4 h5 24. Nh1 Re7 25. Qxd3 Rxd3 26. Nf2 Rd8 27. Red1 Red7 28.
Rxd7 Rxd7 29. Ke2 Nd8 30. Nd3 Re7 31. Rd1 Ne6 32. g3 Nf8 33. Nc5 c6 34. Nc4 Kg7
35. Rd8 Ne6 36. Rb8 Nxc5 37. bxc5 Rc7 38. Nd6 Nd7 39. Ne8+ Kf8 40. Ra8 Nb6 41.
Nxc7+ 1-0

[Event "XLI Rilton Cup 2011-12"]
[Site "Stockholm SWE"]
[Date "2011.12.27"]
[Round "1"]
[Board "13"]
[White "Johansson, Gunnar"]
[Black "Bakre, Tejas"]
[Result "1/2-1/2"]
[BlackTitle "GM"]
[WhiteElo "2238"]
[BlackElo "2509"]
[WhiteFideId "1703501"]
[BlackFideId "5004195"]
[EventDate "2011.12.27"]

1. d4 Nf6 2. c4 e6 3. Nc3 Bb4 4. Qc2 O-O 5. a3 Bxc3+ 6. Qxc3 b6 7. Bg5 Bb7 8. f3
h6 9. Bh4 d5 10. e3 Re8 11. Bd3 Nbd7 12. cxd5 exd5 13. Ne2 Qe7 14. Bf2 c5 15.
O-O Rac8 16. Qd2 Nf8 17. Rfe1 Ne6 18. Ng3 g6 19. Ne2 Kg7 20. Nc3 Ng5 21. Rac1
Bc6 22. Bb1 Qb7 23. Bg3 Nd7 24. e4 Red8 25. Rcd1 Nf8 26. exd5 Bxd5 27. Nxd5 Qxd5
28. Qe2 Nfe6 29. dxc5 Qxc5+ 30. Qf2 Rxd1 1/2-1/2

[Event "XLI Rilton Cup 2011-12"]
[Site "Stockholm SWE"]
[Date "2011.12.27"]
[Round "1"]
[Board "14"]
[White "Cramling, Pia"]
[Black "Holving, Rasmus"]
[Result "1/2-1/2"]
[WhiteTitle "GM"]
[WhiteElo "2495"]
[BlackElo "2221"]
[WhiteFideId "1700030"]
[BlackFideId "1703145"]
[EventDate "2011.12.27"]

1. d4 Nf6 2. Nf3 c5 3. d5 e6 4. c4 b5 5. Bg5 exd5 6. cxd5 h6 7. Bxf6 Qxf6 8. Qc2
d6 9. e4 a6 10. a4 bxa4 11. Rxa4 Nd7 12. Nbd2 g5 13. Nc4 Bg7 14. Bd3 O-O 15. O-O
Bb7 16. Rb1 Rfb8 17. Qc3 Qe7 18. Qa5 g4 19. Nfd2 Bc8 20. Nf1 Ne5 21. Nxe5 Qxe5
22. Qd8+ Bf8 23. Ne3 Rxb2 24. Rxb2 Qxb2 25. e5 Qxe5 26. Re4 Qg5 27. Qc7 Bf5 28.
Nxf5 Qxf5 29. g3 Qc8 30. Qxc8 Rxc8 31. Rxg4+ Bg7 32. Bxa6 Rb8 33. Kg2 Kf8 34.
Be2 Rb2 35. Bd3 Rd2 36. Bc4 Bd4 37. Rf4 Be5 38. Re4 Ke7 39. Kf1 Rd4 40. Rxd4
Bxd4 41. Ke2 Kd7 42. f4 Kc7 43. g4 Kd7 44. Kf3 Ke7 45. g5 hxg5 46. fxg5 Kf8 47.
Kg4 Kg7 48. Kf5 Bf2 49. Bd3 Bd4 50. h4 Be5 51. h5 Bd4 52. h6+ Kg8 53. Be2 Be5
54. Ke4 Bd4 55. Bg4 Be5 56. Bh5 c4 57. g6 fxg6 58. Bxg6 c3 59. Kd3 Bf4 60. h7+
Kg7 61. Bf5 Be5 62. Kc4 1/2-1/2

[Event "XLI Rilton Cup 2011-12"]
[Site "Stockholm SWE"]
[Date "2011.12.27"]
[Round "1"]
[Board "15"]
[White "Martynov, Pavel2"]
[Black "Semcesen, Daniel"]
[Result "0-1"]
[BlackTitle "IM"]
[WhiteElo "2211"]
[BlackElo "2490"]
[WhiteFideId "4122186"]
[BlackFideId "1706993"]
[EventDate "2011.12.27"]

1. d4 f5 2. Nc3 Nf6 3. Bg5 d5 4. e3 e6 5. Nf3 Be7 6. Ne5 O-O 7. Bd3 c5 8. dxc5
Bxc5 9. Qe2 Nc6 10. Nxc6 bxc6 11. g4 Rb8 12. gxf5 exf5 13. O-O Bd6 14. Qf3 Qc7
15. Bf4 Bxf4 16. Qxf4 Qxf4 17. exf4 Rxb2 18. Rab1 Rxb1 19. Rxb1 Nh5 20. Ne2 g6
21. c4 Ba6 22. Rb4 c5 23. Ra4 Rf6 24. Kf1 Kf8 25. Ke1 d4 26. Kd2 Ke7 27. Ra3 Rb6
28. Kc2 Kd7 29. Ra5 Rc6 30. Nc1 Nxf4 31. Nb3 Kd6 32. Nxc5 Bxc4 33. Bxc4 Rxc5 34.
Ra6+ Rc6 35. Ra4 Nd5 36. Kd3 Nb6 37. Ra6 Rxc4 38. Rxb6+ axb6 39. Kxc4 Ke5 0-1

[Event "XLI Rilton Cup 2011-12"]
[Site "Stockholm SWE"]
[Date "2011.12.27"]
[Round "1"]
[Board "16"]
[White "Brynell, Stellan"]
[Black "Ask, Josef"]
[Result "1/2-1/2"]
[WhiteTitle "GM"]
[WhiteElo "2486"]
[BlackElo "2207"]
[WhiteFideId "1700219"]
[BlackFideId "1704583"]
[EventDate "2011.12.27"]

1. d4 d5 2. Nf3 Nf6 3. c4 c6 4. Nc3 e6 5. Bg5 dxc4 6. e4 b5 7. e5 h6 8. Bh4 g5
9. exf6 gxh4 10. Ne5 Qxf6 11. g3 Bb7 12. Bg2 a6 13. O-O Bg7 14. a4 O-O 15. axb5
axb5 16. Rxa8 Bxa8 17. Qa1 Bb7 18. Qa7 Qe7 19. Nxc6 Nxc6 20. Bxc6 hxg3 21. hxg3
Bxd4 22. Qxb7 Qxb7 23. Bxb7 b4 24. Nd1 Rb8 25. Ba6 c3 26. bxc3 bxc3 27. Bd3 Kg7
28. Re1 Ra8 29. Kf1 Ra2 30. Re2 Ra1 31. Ke1 h5 32. Rc2 f5 33. Ke2 Ra3 34. Bc4
Kf6 35. Kd3 e5 36. Ne3 Ra1 37. Ra2 Rxa2 38. Bxa2 Kg5 39. Bb3 f4 40. gxf4+ Kxf4
41. Nd1 h4 42. Bd5 h3 43. Bh1 h2 44. Ne3 c2 45. Nd5+ Kg5 46. Kxc2 Bxf2 47. Kd3 1/2-1/2

[Event "XLI Rilton Cup 2011-12"]
[Site "Stockholm SWE"]
[Date "2011.12.27"]
[Round "1"]
[Board "17"]
[White "Pettersson, Anders1"]
[Black "Karlsson, Lars"]
[Result "1/2-1/2"]
[BlackTitle "GM"]
[WhiteElo "2207"]
[BlackElo "2485"]
[WhiteFideId "1709771"]
[BlackFideId "1700057"]
[EventDate "2011.12.27"]

1. d4 e6 2. c4 f5 3. Nf3 Nf6 4. g3 Bb4+ 5. Nbd2 O-O 6. Bg2 d6 7. a3 Bxd2+ 8.
Bxd2 a5 9. b4 Ne4 10. O-O Nd7 11. Qc1 axb4 12. axb4 Rxa1 13. Qxa1 Ndf6 14. Bg5
Bd7 15. Bxf6 Qxf6 16. Qa7 Bc8 17. Qb8 g5 18. Qxc7 g4 19. Nh4 Qxd4 20. Bxe4 Qxe4
21. Qe7 Qxe2 1/2-1/2

[Event "XLI Rilton Cup 2011-12"]
[Site "Stockholm SWE"]
[Date "2011.12.27"]
[Round "1"]
[Board "18"]
[White "Smith, Axel"]
[Black "Isetoft, Daniel"]
[Result "1-0"]
[WhiteTitle "IM"]
[WhiteElo "2480"]
[BlackElo "2206"]
[WhiteFideId "1707930"]
[BlackFideId "1708996"]
[EventDate "2011.12.27"]

1. Nf3 Nf6 2. c4 e6 3. g3 b6 4. Bg2 Bb7 5. d4 Bb4+ 6. Bd2 Qe7 7. O-O Bxd2 8.
Qxd2 O-O 9. Nc3 Ne4 10. Nxe4 Bxe4 11. Qf4 d5 12. cxd5 Bxd5 13. Rfc1 Na6 14. Ne5
c5 15. dxc5 Bxg2 16. Kxg2 Nxc5 17. b4 Qb7+ 18. Qf3 Qxf3+ 19. Kxf3 Na6 20. Nc6
Rfe8 21. Rc3 Nc7 22. Rd1 a5 23. bxa5 bxa5 24. a4 Nd5 25. Rc5 Ra6 26. Rd4 f5 27.
Nxa5 Rea8 28. Nc6 Rxa4 29. Rxa4 Rxa4 30. Nd8 Ra3+ 31. Kg2 Rc3 32. Rb5 Nc7 33.
Rb8 Na6 34. Ra8 Nc7 35. Rc8 Nd5 36. Rb8 Rc2 37. Nxe6+ Kf7 38. Nd4 Rd2 39. Nxf5
Rxe2 40. Rb7+ Kg6 41. g4 1-0

[Event "XLI Rilton Cup 2011-12"]
[Site "Stockholm SWE"]
[Date "2011.12.27"]
[Round "1"]
[Board "19"]
[White "Johansson, Linus"]
[Black "Socko, Monika"]
[Result "1-0"]
[BlackTitle "GM"]
[WhiteElo "2197"]
[BlackElo "2479"]
[WhiteFideId "1711113"]
[BlackFideId "1106619"]
[EventDate "2011.12.27"]

1. d4 Nf6 2. c4 e6 3. Nc3 Bb4 4. e3 O-O 5. Bd3 c5 6. Nf3 d5 7. O-O cxd4 8. exd4
dxc4 9. Bxc4 b6 10. Bg5 Bb7 11. Qe2 Bxc3 12. bxc3 Nbd7 13. Bd3 Qc7 14. Rac1 Rae8
15. Rfe1 Qc8 16. Ne5 Nxe5 17. dxe5 Qc6 18. f3 Qc5+ 19. Kh1 Nd5 20. Qe4 f5 21.
exf6 Nxf6 22. Qxb7 Qxg5 23. Qxa7 Nd5 24. Bf1 Ra8 25. Qd7 Rf6 26. Rc2 Nf4 27. g3
Qf5 28. Qc6 Rd8 29. Qe4 Qxe4 30. Rxe4 Rd1 31. gxf4 Rxf1+ 32. Kg2 Rb1 33. Kf2 Kf7
34. Ke3 Rh6 35. Rb4 Re1+ 36. Kd3 Rf1 37. Rxb6 Rxf3+ 38. Ke4 Rhh3 39. c4 h6 40.
Ke5 Rh5+ 41. Kd6 Rxf4 42. Rb7+ Kf6 43. c5 Rd5+ 44. Kc7 e5 45. c6 Ke6 46. Rbb2
Rf7+ 47. Kb6 Rd6 48. Rd2 e4 49. Rxd6+ Kxd6 50. Rd2+ Ke5 51. c7 e3 52. Re2 1-0

[Event "XLI Rilton Cup 2011-12"]
[Site "Stockholm SWE"]
[Date "2011.12.27"]
[Round "1"]
[Board "20"]
[White "Blomqvist, Erik"]
[Black "Agrest, Inna"]
[Result "1/2-1/2"]
[WhiteTitle "IM"]
[BlackTitle "WIM"]
[WhiteElo "2477"]
[BlackElo "2189"]
[WhiteFideId "1709437"]
[BlackFideId "1708830"]
[EventDate "2011.12.27"]

1. Nf3 Nf6 2. c4 g6 3. Nc3 Bg7 4. g3 O-O 5. Bg2 d6 6. d4 Nbd7 7. O-O e5 8. e4 a6
9. Qc2 exd4 10. Nxd4 Ne5 11. b3 c5 12. Nde2 Rb8 13. a4 Nc6 14. Rd1 Ng4 15. h3
Nge5 16. f4 Nb4 17. Qd2 Ned3 18. Ba3 Qb6 19. a5 Qa7 20. Rf1 Re8 21. Rf3 b5 22.
axb6 Rxb6 23. Rb1 Qb8 24. Kh2 Bb7 25. Rxd3 Nxd3 26. Qxd3 Bc6 27. Nd5 Bxd5 28.
cxd5 a5 29. Qc4 Rc8 30. Nc3 Rb4 31. Bxb4 cxb4 32. Qd3 bxc3 33. Qc2 Qb4 34. Ra1
Rb8 35. Ra4 Qxb3 36. Qxb3 Rxb3 37. Rxa5 h5 38. Ra8+ Kh7 39. Rc8 Bd4 40. e5 dxe5
41. d6 exf4 42. gxf4 Be3 43. Kg3 c2 44. Rxc2 Bc5+ 45. Bf3 Bxd6 46. Rc6 h4+ 47.
Kxh4 Rxf3 48. Rxd6 Rxf4+ 49. Kg5 Rf5+ 50. Kg4 Kh6 51. Ra6 Rf1 52. Rb6 Rg1+ 53.
Kf3 Kg5 54. Rb7 f5 55. Rh7 Rf1+ 56. Kg3 f4+ 57. Kg2 Rb1 58. Rf7 Rb2+ 59. Kf3
Rb3+ 60. Kg2 Rg3+ 61. Kh2 Ra3 62. Kg2 Ra2+ 63. Kf3 Rh2 64. Rh7 Rh1 65. Kg2 Ra1
66. Rf7 Rc1 67. Kf3 Rc3+ 68. Kg2 Rg3+ 69. Kh2 Rb3 70. Kg2 Rb1 71. Rf8 Rb2+ 72.
Kf3 Rb3+ 73. Kg2 Rd3 74. Rf7 Rd1 75. Rf8 Rd7 76. Kf3 Rh7 77. Kg2 Rh4 78. Rf7 Rh8
79. Kh2 Rc8 80. Kg2 Rc3 81. Rf8 Re3 82. Rf7 Re8 83. Kf3 Rh8 84. Kg2 Ra8 85. Kf3
Ra3+ 86. Kg2 Ra4 87. Kf3 Ra3+ 88. Kg2 Rg3+ 89. Kh2 Re3 1/2-1/2

[Event "XLI Rilton Cup 2011-12"]
[Site "Stockholm SWE"]
[Date "2011.12.27"]
[Round "1"]
[Board "21"]
[White "Nithander, Victor"]
[Black "Arjun, Bharat"]
[Result "1/2-1/2"]
[WhiteTitle "IM"]
[BlackTitle "CM"]
[WhiteElo "2423"]
[BlackElo "2178"]
[WhiteFideId "1707833"]
[BlackFideId "5032725"]
[EventDate "2011.12.27"]

1. c4 Nf6 2. g3 g6 3. Bg2 Bg7 4. Nc3 O-O 5. e4 d6 6. Nge2 e5 7. d3 Nc6 8. O-O
Ne8 9. Rb1 Ne7 10. b4 Be6 11. f4 c6 12. b5 Rc8 13. Qa4 d5 14. bxc6 bxc6 15. fxe5
Bxe5 16. d4 Bg7 17. exd5 cxd5 18. c5 Nf5 19. Bf4 Nf6 20. Rb7 Ne4 21. Bxe4 dxe4
22. d5 Rxc5 23. dxe6 Bxc3 24. Nxc3 Rxc3 25. exf7+ Rxf7 26. Rb8 Rc8 27. Rfb1 Kg7
28. Be5+ Kh6 29. Bf4+ Kg7 30. Be5+ Kh6 31. Rxc8 Qxc8 32. Qxe4 Qc5+ 33. Kh1 Re7
34. Re1 Qf2 35. g4 Rxe5 36. Qxe5 Qf3+ 37. Kg1 Qxg4+ 38. Kf2 Qh4+ 39. Kf1 Qh3+
40. Kf2 Qh4+ 41. Kf1 Qh3+ 42. Kf2 1/2-1/2

[Event "XLI Rilton Cup 2011-12"]
[Site "Stockholm SWE"]
[Date "2011.12.27"]
[Round "1"]
[Board "22"]
[White "Bryntze, Stefan"]
[Black "Akesson, Ralf"]
[Result "0-1"]
[BlackTitle "GM"]
[WhiteElo "2175"]
[BlackElo "2421"]
[WhiteFideId "1709100"]
[BlackFideId "1700120"]
[EventDate "2011.12.27"]

1. f4 d5 2. e3 g6 3. Nf3 Bg7 4. d4 Nf6 5. Bd3 Bf5 6. O-O Nbd7 7. Bxf5 gxf5 8.
Qd3 e6 9. Nbd2 c5 10. c3 Qc7 11. Ne5 Rc8 12. Qb5 a6 13. Qa4 O-O 14. Nxd7 Qxd7
15. Qxd7 Nxd7 16. Nf3 f6 17. Bd2 Kf7 18. Nh4 Nb6 19. Kf2 Nc4 20. Ke2 Rc6 21.
Rab1 Rfc8 22. Nf3 Rb6 23. Bc1 Nd6 24. Bd2 Bf8 25. Ne1 c4 26. Nf3 Ne4 27. Rfd1
Rb5 28. Be1 Rc6 29. Nd2 Rcb6 30. Nxe4 fxe4 31. Rd2 Ba3 32. Kd1 Bxb2 33. Rc2 Ba3
34. Rxb5 Rxb5 35. Bd2 Rb1+ 36. Bc1 Ra1 0-1

[Event "XLI Rilton Cup 2011-12"]
[Site "Stockholm SWE"]
[Date "2011.12.27"]
[Round "1"]
[Board "23"]
[White "Bellon Lopez, Juan Manuel"]
[Black "Lindgren, Philip"]
[Result "1/2-1/2"]
[WhiteTitle "GM"]
[WhiteElo "2419"]
[BlackElo "2152"]
[WhiteFideId "2200031"]
[BlackFideId "1713230"]
[EventDate "2011.12.27"]

1. d4 d5 2. Bf4 Nf6 3. e3 Bf5 4. c4 e6 5. Nc3 c6 6. Qb3 Qc8 7. Rc1 dxc4 8. Bxc4
Be7 9. Nf3 Nbd7 10. Nh4 O-O 11. Nxf5 exf5 12. O-O Nb6 13. Bd3 Qd7 14. Rfd1 Rfe8
15. h3 Rad8 16. Be5 Nfd5 17. Na4 Nxa4 18. Qxa4 g6 19. Qb3 Bf6 20. Bxf6 Nxf6 21.
a4 Re7 22. a5 a6 23. Rc4 Kg7 24. Rb4 Nd5 25. Ra4 Rde8 26. Bc4 f4 27. Bxd5 cxd5
28. Rd3 fxe3 29. fxe3 Qc6 30. Ra1 Re4 31. Rf1 R8e7 32. Rc3 Qe6 33. Rf3 h5 34.
Qd1 Qd6 35. Rb3 Qc7 36. Qd2 Qc4 37. Rb6 R4e6 38. Rxe6 Rxe6 39. h4 Re7 40. Kh2
Rc7 41. Qf2 Qc6 42. Qg3 Re7 43. Rf5 Rxe3 44. Qxe3 gxf5 45. Qe5+ Kg6 46. Kg3 Qc4
47. Qe3 Qc7+ 48. Kf3 Qd8 49. g3 f6 50. Qe6 Qxa5 51. Qg8+ Kh6 52. Qh8+ Kg6 53.
Qg8+ Kh6 54. Kf4 Qe1 55. Kxf5 Qe4+ 56. Kxf6 Qxd4+ 57. Kf7 Qf2+ 58. Ke6 Qe3+ 59.
Kd6 Qb6+ 60. Ke7 Qc7+ 61. Kf6 Qb6+ 62. Kf5 Qf2+ 63. Ke6 Qb6+ 64. Kf5 Qf2+ 65.
Ke6 Qb6+ 66. Kf7 Qc7+ 67. Kf6 Qb6+ 68. Kf5 Qf2+ 1/2-1/2

[Event "XLI Rilton Cup 2011-12"]
[Site "Stockholm SWE"]
[Date "2011.12.27"]
[Round "1"]
[Board "26"]
[White "Olund, Joar"]
[Black "Fries-Nielsen, Jens Ove"]
[Result "1/2-1/2"]
[BlackTitle "IM"]
[WhiteElo "2141"]
[BlackElo "2387"]
[WhiteFideId "1714848"]
[BlackFideId "1400142"]
[EventDate "2011.12.27"]

1. d4 g6 2. e4 Bg7 3. c4 e6 4. Nc3 Ne7 5. Nf3 d5 6. e5 Nbc6 7. c5 b6 8. cxb6
axb6 9. h4 h6 10. Bf4 Na5 11. b3 c6 12. Bd3 Ba6 13. Rc1 Nf5 14. Bxa6 Rxa6 15.
Qd3 Ra8 16. g4 Ne7 17. h5 Qd7 18. Be3 g5 19. Nd2 f5 20. exf6 Bxf6 21. b4 Nb7 22.
f4 gxf4 23. Bxf4 Rg8 24. Rg1 Nd6 25. Nf3 Nc4 26. Bxh6 e5 27. g5 e4 28. Nxe4 dxe4
29. Qxe4 Nd6 30. Qe2 Bh8 31. g6 Nf5 32. Bg5 Qd5 33. Rc2 Ra3 34. Nh4 Kd7 35. Rg4
Bf6 36. Qg2 Qe6+ 37. Re2 Ne3 38. Bxe3 Rxe3 39. Re4 Bxh4+ 40. Rxh4 Nf5 41. Re4
Qxe4 42. Qxe4 Rxe4 43. Rxe4 Rh8 44. Rg4 Rxh5 45. g7 Ne7 46. g8=Q Nxg8 47. Rxg8
Rh4 48. Kd2 Rh2+ 49. Kc3 Rxa2 50. Rg7+ Kd6 51. Rg6+ Kd5 52. Rg5+ Kd6 53. Rg6+
Kd5 54. Rg5+ 1/2-1/2